[Event "WCO 2016"]
[Site "?"]
[Date "2016.09.11"]
[Round "9"]
[Board "10"]
[WhiteID "3100197"]
[White "Almedina Ortiz Edgardo J."]
[BlackID "3500594"]
[Black "Pinal Borges Nelson"]
[Result "0-1"]
[BlackElo "2320"]
[WhiteElo "2215"]
[LiveChessVersion "1.4.8"]

1. e4 {[%clk 1:30:57]} c5 {[%clk 1:30:41]} 2. Nc3 {[%clk 1:31:16]} Nc6
{[%clk 1:30:16]} 3. a3 {[%clk 1:30:57]} g6 {[%clk 1:27:46]} 4. Bc4
{[%clk 1:31:21]} Bg7 {[%clk 1:27:38]} 5. d3 {[%clk 1:31:38]} e6 {[%clk 1:24:19]}
6. Ba2 {[%clk 1:32:02]} Nge7 {[%clk 1:24:21]} 7. h4 {[%clk 1:32:20]} h5
{[%clk 1:21:13]} 8. Bg5 {[%clk 1:32:41]} a6 {[%clk 1:14:29]} 9. Rb1
{[%clk 1:31:05]} Qc7 {[%clk 1:12:34]} 10. Qd2 {[%clk 1:19:14]} Ne5
{[%clk 1:05:43]} 11. Nge2 {[%clk 1:08:24]} N7c6 {[%clk 1:04:10]} 12. b4
{[%clk 1:06:09]} d6 {[%clk 0:53:49]} 13. bxc5 {[%clk 0:48:26]} dxc5
{[%clk 0:54:02]} 14. Na4 {[%clk 0:48:47]} O-O {[%clk 0:40:34]} 15. Nb6
{[%clk 0:38:00]} Rb8 {[%clk 0:40:28]} 16. O-O {[%clk 0:37:00]} Nd4
{[%clk 0:33:52]} 17. Nxd4 {[%clk 0:25:28]} cxd4 {[%clk 0:34:14]} 18. Rb2
{[%clk 0:25:49]} Re8 {[%clk 0:20:28]} 19. Rfb1 {[%clk 0:18:44]} Bd7
{[%clk 0:16:01]} 20. Bf4 {[%clk 0:10:51]} Bb5 {[%clk 0:11:05]} 21. Nc4
{[%clk 0:09:41]} Bxc4 {[%clk 0:10:59]} 22. Bxe5 {[%clk 0:08:05]} Bxe5
{[%clk 0:08:27]} 23. Bxc4 {[%clk 0:08:32]} b5 {[%clk 0:06:56]} 24. Bb3
{[%clk 0:08:57]} Qe7 {[%clk 0:06:32]} 25. f4 {[%clk 0:05:42]} Bd6
{[%clk 0:05:43]} 26. Qf2 {[%clk 0:03:13]} Kg7 {[%clk 0:03:27]} 27. Ra2
{[%clk 0:02:56]} a5 {[%clk 0:03:44]} 28. a4 {[%clk 0:03:09]} f5 {[%clk 0:03:22]}
29. Re1 {[%clk 0:02:56]} Bb4 {[%clk 0:03:05]} 30. Re2 {[%clk 0:03:15]} Qd6
{[%clk 0:03:09]} 31. axb5 {[%clk 0:03:21]} e5 {[%clk 0:03:29]} 32. exf5
{[%clk 0:03:19]} exf4 {[%clk 0:03:49]} 33. Re6 {[%clk 0:02:31]} Rxe6
{[%clk 0:04:18]} 34. fxe6 {[%clk 0:02:54]} Rxb5 {[%clk 0:04:26]} 35. Ra1
{[%clk 0:03:15]} Rf5 {[%clk 0:03:35]} 36. Qf3 {[%clk 0:03:01]} Qe7
{[%clk 0:01:54]} 37. Qe4 {[%clk 0:03:29]} Qxh4 {[%clk 0:01:39]} 38. Qxd4+
{[%clk 0:03:57]} Kh7 {[%clk 0:01:52]} 39. Qe4 {[%clk 0:03:50]} Bd2
{[%clk 0:01:38]} 40. Ra4 {[%clk 0:32:16]} Qg3 {[%clk 0:31:23]} 41. Qf3
{[%clk 0:29:00]} Qe1+ {[%clk 0:28:30]} 42. Kh2 {[%clk 0:29:26]} Be3
{[%clk 0:28:26]} 0-1

[Event "WCO 2016"]
[Site "?"]
[Date "2016.09.11"]
[Round "9"]
[Board "11"]
[WhiteID "6400124"]
[White "Dominguez Jose Manuel"]
[BlackID "3100022"]
[Black "Sosa Trani Luis"]
[Result "1-0"]
[BlackElo "2051"]
[WhiteElo "2273"]
[LiveChessVersion "1.4.8"]

1. e4 {[%clk 1:30:56]} e6 {[%clk 1:30:46]} 2. d3 {[%clk 1:31:14]} d5
{[%clk 1:31:12]} 3. Nd2 {[%clk 1:31:39]} Nf6 {[%clk 1:31:35]} 4. Be2
{[%clk 1:32:03]} c5 {[%clk 1:30:56]} 5. Ngf3 {[%clk 1:32:28]} Nc6
{[%clk 1:27:01]} 6. O-O {[%clk 1:25:29]} Be7 {[%clk 1:26:31]} 7. Re1
{[%clk 1:25:56]} O-O {[%clk 1:26:34]} 8. h3 {[%clk 1:26:12]} b6 {[%clk 1:23:17]}
9. Bf1 {[%clk 1:25:47]} Bb7 {[%clk 1:23:11]} 10. c3 {[%clk 1:26:12]} Qc7
{[%clk 1:21:08]} 11. a3 {[%clk 1:25:13]} a6 {[%clk 1:07:13]} 12. e5
{[%clk 1:05:17]} Nd7 {[%clk 1:06:55]} 13. d4 {[%clk 1:05:45]} c4 {[%clk 1:05:04]}
14. Nh2 {[%clk 1:04:38]} f6 {[%clk 0:51:42]} 15. exf6 {[%clk 1:04:55]} Rxf6
{[%clk 0:51:43]} 16. Ng4 {[%clk 1:05:12]} Rg6 {[%clk 0:52:05]} 17. Nf3
{[%clk 1:05:01]} Rf8 {[%clk 0:52:11]} 18. b4 {[%clk 0:58:52]} h5 {[%clk 0:24:46]}
19. Nge5 {[%clk 0:24:32]} Rgf6 {[%clk 0:10:40]} 20. Bg5 {[%clk 0:11:39]} Ndxe5
{[%clk 0:10:33]} 21. Nxe5 {[%clk 0:10:18]} Rxf2 {[%clk 0:08:23]} 22. Bxe7
{[%clk 0:09:48]} Nxe7 {[%clk 0:07:18]} 23. Qxh5 {[%clk 0:10:06]} R8f5
{[%clk 0:05:08]} 24. Qe8+ {[%clk 0:05:38]} Rf8 {[%clk 0:05:27]} 25. Qd7
{[%clk 0:05:08]} Qxd7 {[%clk 0:00:37]} 26. Nxd7 {[%clk 0:05:35]} R8f4
{[%clk 0:00:32]} 27. Rxe6 {[%clk 0:02:59]} Nf5 {[%clk 0:00:37]} 28. Re8+
{[%clk 0:02:33]} Kf7 {[%clk 0:00:34]} 29. Rb8 {[%clk 0:02:31]} Nd6
{[%clk 0:00:33]} 30. Re1 {[%clk 0:02:25]} Bc8 {[%clk 0:00:33]} 31. Ne5+
{[%clk 0:02:26]} 1-0

[Event "WCO 2016"]
[Site "?"]
[Date "2016.09.11"]
[Round "9"]
[Board "12"]
[WhiteID "3100650"]
[White "Torres Santiago Jonathan"]
[BlackID "6405525"]
[Black "Abreu Jean Carlos Paul"]
[Result "1-0"]
[BlackElo "2326"]
[WhiteElo "2126"]
[LiveChessVersion "1.4.8"]

1. e4 {[%clk 1:29:57]} c5 {[%clk 1:30:46]} 2. d4 {[%clk 1:22:20]} cxd4
{[%clk 1:28:56]} 3. c3 {[%clk 1:22:47]} dxc3 {[%clk 1:29:20]} 4. Nxc3
{[%clk 1:23:13]} Nc6 {[%clk 1:29:32]} 5. Nf3 {[%clk 1:23:39]} d6 {[%clk 1:28:04]}
6. Bc4 {[%clk 1:24:05]} a6 {[%clk 1:27:04]} 7. O-O {[%clk 1:24:08]} Nf6
{[%clk 1:27:08]} 8. b4 {[%clk 1:23:34]} Bg4 {[%clk 1:23:36]} 9. b5
{[%clk 1:23:44]} Bxf3 {[%clk 1:23:32]} 10. gxf3 {[%clk 1:24:10]} Ne5
{[%clk 1:15:32]} 11. bxa6 {[%clk 1:24:34]} bxa6 {[%clk 1:14:52]} 12. Qa4+
{[%clk 1:19:44]} Nfd7 {[%clk 1:14:32]} 13. Be2 {[%clk 1:07:29]} g5
{[%clk 1:01:40]} 14. Bxg5 {[%clk 1:04:18]} Rc8 {[%clk 0:41:31]} 15. Rac1
{[%clk 1:02:14]} Rg8 {[%clk 0:32:20]} 16. Kh1 {[%clk 1:00:16]} Rxg5
{[%clk 0:25:10]} 17. f4 {[%clk 0:59:42]} Nd3 {[%clk 0:24:43]} 18. Bxd3
{[%clk 0:53:35]} Ra5 {[%clk 0:23:59]} 19. Qd4 {[%clk 0:50:22]} e6
{[%clk 0:16:55]} 20. f5 {[%clk 0:48:31]} e5 {[%clk 0:10:46]} 21. Qe3
{[%clk 0:48:15]} Nc5 {[%clk 0:11:04]} 22. Rg1 {[%clk 0:39:45]} Qh4
{[%clk 0:10:42]} 23. Rg8 {[%clk 0:39:25]} Nd7 {[%clk 0:04:31]} 24. Nd5
{[%clk 0:38:23]} Rxc1+ {[%clk 0:04:54]} 25. Qxc1 {[%clk 0:38:45]} Rc5
{[%clk 0:04:49]} 26. Qe3 {[%clk 0:38:11]} f6 {[%clk 0:04:03]} 27. Bxa6
{[%clk 0:37:06]} Kf7 {[%clk 0:04:28]} 28. Rg1 {[%clk 0:37:03]} Bh6
{[%clk 0:04:29]} 29. Qe2 {[%clk 0:36:12]} Bf4 {[%clk 0:01:42]} 30. Nxf4
{[%clk 0:34:05]} exf4 {[%clk 0:01:51]} 31. Bc4+ {[%clk 0:34:15]} Ke7
{[%clk 0:02:14]} 32. Be6 {[%clk 0:23:40]} f3 {[%clk 0:01:31]} 33. Qxf3
{[%clk 0:21:18]} Ne5 {[%clk 0:01:47]} 34. Qg2 {[%clk 0:21:41]} Qg5
{[%clk 0:00:44]} 35. Qxg5 {[%clk 0:16:33]} fxg5 {[%clk 0:01:09]} 36. Rxg5
{[%clk 0:16:56]} Rc2 {[%clk 0:01:36]} 37. f4 {[%clk 0:16:29]} Nf3
{[%clk 0:01:55]} 38. Rg7+ {[%clk 0:16:46]} Kd8 {[%clk 0:01:33]} 39. Rg8+
{[%clk 0:16:44]} Ke7 {[%clk 0:01:58]} 40. Rg7+ {[%clk 0:46:49]} Kd8
{[%clk 0:32:23]} 41. Rxh7 {[%clk 0:44:42]} Re2 {[%clk 0:31:34]} 42. f6
{[%clk 0:42:45]} Nd4 {[%clk 0:30:32]} 43. Rd7+ {[%clk 0:42:46]} 1-0

[Event "WCO 2016"]
[Site "?"]
[Date "2016.09.11"]
[Round "9"]
[Board "9"]
[WhiteID "15700097"]
[White "Mesfin Leykun"]
[BlackID "12200875"]
[Black "Tagelsir Abubaker"]
[Result "1-0"]
[BlackElo "2216"]
[WhiteElo "2129"]
[LiveChessVersion "1.4.8"]

1. e4 {[%clk 1:30:14]} d6 {[%clk 1:30:44]} 2. d4 {[%clk 1:28:29]} Nf6
{[%clk 1:31:08]} 3. Nc3 {[%clk 1:28:48]} g6 {[%clk 1:31:35]} 4. f4
{[%clk 1:28:41]} Bg7 {[%clk 1:32:00]} 5. Nf3 {[%clk 1:28:57]} c5 {[%clk 1:32:25]}
6. d5 {[%clk 1:24:45]} O-O {[%clk 1:29:18]} 7. Bd3 {[%clk 1:24:47]} Qb6
{[%clk 1:13:36]} 8. a4 {[%clk 1:22:49]} c4 {[%clk 1:05:31]} 9. Bf1
{[%clk 1:13:27]} e6 {[%clk 0:56:21]} 10. a5 {[%clk 1:09:18]} Qc7 {[%clk 0:53:29]}
11. Be3 {[%clk 1:02:33]} exd5 {[%clk 0:51:58]} 12. Nxd5 {[%clk 0:59:52]} Nxd5
{[%clk 0:52:17]} 13. Qxd5 {[%clk 1:00:05]} Bxb2 {[%clk 0:50:14]} 14. Rb1
{[%clk 1:00:18]} Bg7 {[%clk 0:46:08]} 15. Be2 {[%clk 0:58:12]} Nd7
{[%clk 0:37:18]} 16. O-O {[%clk 0:48:26]} a6 {[%clk 0:31:02]} 17. Bxc4
{[%clk 0:44:35]} Nf6 {[%clk 0:29:39]} 18. Qd3 {[%clk 0:43:47]} Qxa5
{[%clk 0:29:15]} 19. Bb6 {[%clk 0:43:09]} Qh5 {[%clk 0:29:38]} 20. Qxd6
{[%clk 0:38:09]} Nxe4 {[%clk 0:29:34]} 21. Qe7 {[%clk 0:38:17]} Nc3
{[%clk 0:28:10]} 22. Ng5 {[%clk 0:32:29]} Be6 {[%clk 0:23:58]} 23. Bxe6
{[%clk 0:32:24]} fxe6 {[%clk 0:23:06]} 24. Qxe6+ {[%clk 0:31:47]} Kh8
{[%clk 0:20:36]} 25. Rbe1 {[%clk 0:31:43]} h6 {[%clk 0:19:23]} 26. g4
{[%clk 0:28:54]} Qh4 {[%clk 0:16:13]} 27. Bf2 {[%clk 0:28:21]} hxg5
{[%clk 0:11:14]} 28. Bxh4 {[%clk 0:27:06]} gxh4 {[%clk 0:11:24]} 29. Qxg6
{[%clk 0:27:00]} Rf6 {[%clk 0:11:25]} 30. Re8+ {[%clk 0:26:43]} Rxe8
{[%clk 0:10:17]} 31. Qxe8+ {[%clk 0:27:05]} Rf8 {[%clk 0:09:29]} 32. Qh5+
{[%clk 0:26:41]} Kg8 {[%clk 0:09:55]} 33. g5 {[%clk 0:26:46]} h3 {[%clk 0:07:23]}
34. f5 {[%clk 0:22:43]} 1-0

[Event "WCO 2016"]
[Site "?"]
[Date "2016.09.11"]
[Round "9"]
[Board "10"]
[WhiteID "12200190"]
[White "Elobeid Asim Ali"]
[BlackID "15700631"]
[Black "Adebo Muhaba Detamo"]
[Result "1-0"]
[BlackElo "1944"]
[WhiteElo "2109"]
[LiveChessVersion "1.4.8"]

1. c4 {[%clk 1:30:55]} c5 {[%clk 1:30:30]} 2. g3 {[%clk 1:31:05]} g6
{[%clk 1:30:32]} 3. Bg2 {[%clk 1:31:34]} Bg7 {[%clk 1:31:00]} 4. Nf3
{[%clk 1:31:55]} Nc6 {[%clk 1:31:07]} 5. O-O {[%clk 1:32:03]} Nh6
{[%clk 1:31:03]} 6. d3 {[%clk 1:25:37]} O-O {[%clk 1:31:08]} 7. Nc3
{[%clk 1:24:12]} d6 {[%clk 1:30:53]} 8. a3 {[%clk 1:22:03]} Bd7 {[%clk 1:30:30]}
9. Rb1 {[%clk 1:21:23]} Qc8 {[%clk 1:29:17]} 10. Nd5 {[%clk 1:17:54]} Bh3
{[%clk 1:20:18]} 11. b4 {[%clk 1:17:48]} Bxg2 {[%clk 1:19:57]} 12. Kxg2
{[%clk 1:18:09]} Qd7 {[%clk 1:15:04]} 13. b5 {[%clk 1:16:14]} Nd8
{[%clk 1:12:11]} 14. e4 {[%clk 1:10:27]} f5 {[%clk 1:08:09]} 15. e5
{[%clk 1:03:04]} e6 {[%clk 0:48:51]} 16. Bxh6 {[%clk 0:54:48]} exd5
{[%clk 0:49:07]} 17. Bxg7 {[%clk 0:54:38]} Kxg7 {[%clk 0:48:41]} 18. Re1
{[%clk 0:53:03]} d4 {[%clk 0:45:40]} 19. exd6 {[%clk 0:49:36]} Qxd6
{[%clk 0:45:56]} 20. Qe2 {[%clk 0:49:27]} Nf7 {[%clk 0:43:19]} 21. Qe7
{[%clk 0:46:53]} b6 {[%clk 0:39:28]} 22. Qxd6 {[%clk 0:38:56]} Nxd6
{[%clk 0:39:39]} 23. Ng5 {[%clk 0:39:13]} Rfe8 {[%clk 0:36:50]} 24. Ne6+
{[%clk 0:37:59]} Kf7 {[%clk 0:35:44]} 25. Ng5+ {[%clk 0:35:48]} Kg7
{[%clk 0:33:34]} 26. Kf3 {[%clk 0:35:41]} h6 {[%clk 0:33:11]} 27. Ne6+
{[%clk 0:34:52]} Kf7 {[%clk 0:33:10]} 28. Nc7 {[%clk 0:35:05]} Rxe1
{[%clk 0:32:46]} 29. Rxe1 {[%clk 0:35:32]} Rc8 {[%clk 0:33:09]} 30. Nd5
{[%clk 0:34:10]} Re8 {[%clk 0:31:31]} 31. Rxe8 {[%clk 0:34:05]} Nxe8
{[%clk 0:31:25]} 32. Kf4 {[%clk 0:19:35]} Ke6 {[%clk 0:30:27]} 33. h4
{[%clk 0:19:45]} Nd6 {[%clk 0:28:47]} 34. Nc7+ {[%clk 0:16:35]} Kd7
{[%clk 0:28:22]} 35. Na6 {[%clk 0:16:34]} Ke6 {[%clk 0:27:14]} 36. Nb8
{[%clk 0:15:54]} Nc8 {[%clk 0:26:49]} 37. Nc6 {[%clk 0:15:40]} Kf6
{[%clk 0:26:26]} 38. Kf3 {[%clk 0:12:24]} Ke6 {[%clk 0:24:12]} 39. g4
{[%clk 0:11:47]} Kf6 {[%clk 0:21:23]} 40. Kg3 {[%clk 0:39:44]} fxg4
{[%clk 0:51:16]} 41. Kxg4 {[%clk 0:40:09]} Ke6 {[%clk 0:51:02]} 42. h5
{[%clk 0:39:47]} gxh5+ {[%clk 0:45:17]} 43. Kxh5 {[%clk 0:39:57]} Kf5
{[%clk 0:45:30]} 44. Kxh6 {[%clk 0:38:45]} Kf4 {[%clk 0:45:47]} 45. Kg6
{[%clk 0:37:14]} Nd6 {[%clk 0:45:42]} 46. Kf6 {[%clk 0:33:09]} Nxc4
{[%clk 0:45:46]} 47. dxc4 {[%clk 0:33:31]} d3 {[%clk 0:45:04]} 48. Ne5
{[%clk 0:33:56]} d2 {[%clk 0:43:05]} 49. Nd3+ {[%clk 0:34:10]} Ke4
{[%clk 0:42:57]} 50. Nb2 {[%clk 0:33:56]} Kd4 {[%clk 0:40:19]} 51. f4
{[%clk 0:31:40]} Kc3 {[%clk 0:39:04]} 52. Nd1+ {[%clk 0:31:52]} Kc2
{[%clk 0:39:31]} 53. Nf2 {[%clk 0:31:41]} Kc3 {[%clk 0:36:17]} 54. Ke5
{[%clk 0:31:21]} Kxc4 {[%clk 0:36:45]} 55. f5 {[%clk 0:31:31]} Kb3
{[%clk 0:37:14]} 56. f6 {[%clk 0:31:08]} c4 {[%clk 0:37:14]} 57. f7
{[%clk 0:31:08]} c3 {[%clk 0:37:14]} 58. f8=Q {[%clk 0:31:08]} Kb2
{[%clk 0:37:14]} 59. Qb4+ {[%clk 0:31:08]} 1-0

[Event "WCO 2016"]
[Site "?"]
[Date "2016.09.11"]
[Round "9"]
[Board "11"]
[WhiteID "15700704"]
[White "Teklay Teshager "]
[BlackID "12202576"]
[Black "Abdelazeez Mohamed Abdalla"]
[Result "0-1"]
[BlackElo "2183"]
[WhiteElo "1868"]
[LiveChessVersion "1.4.8"]

1. d4 {[%clk 1:30:50]} Nf6 {[%clk 1:30:22]} 2. c4 {[%clk 1:30:58]} g6
{[%clk 1:30:30]} 3. Nc3 {[%clk 1:30:51]} Bg7 {[%clk 1:30:58]} 4. Bf4
{[%clk 1:30:17]} d6 {[%clk 1:29:35]} 5. e3 {[%clk 1:30:35]} Nc6 {[%clk 1:29:23]}
6. Nf3 {[%clk 1:30:29]} O-O {[%clk 1:22:30]} 7. Be2 {[%clk 1:30:53]} h6
{[%clk 1:18:46]} 8. h3 {[%clk 1:30:54]} Nd7 {[%clk 1:18:18]} 9. O-O
{[%clk 1:30:42]} e5 {[%clk 1:18:43]} 10. Bh2 {[%clk 1:31:09]} Ne7
{[%clk 1:13:36]} 11. b4 {[%clk 1:28:52]} f5 {[%clk 1:09:19]} 12. c5
{[%clk 1:28:52]} Kh7 {[%clk 1:07:56]} 13. Nb5 {[%clk 1:25:11]} dxc5
{[%clk 1:04:13]} 14. bxc5 {[%clk 1:21:08]} a6 {[%clk 1:03:28]} 15. Qa4
{[%clk 1:19:13]} Rb8 {[%clk 1:01:37]} 16. Nc3 {[%clk 1:15:34]} e4
{[%clk 1:01:23]} 17. Nd2 Nxc5 18. Qc4 {[%clk 1:13:09]} Ne6 {[%clk 1:00:40]} 19.
f3 {[%clk 1:03:21]} b5 {[%clk 1:00:04]} 20. Qb3 {[%clk 1:03:37]} Nxd4
{[%clk 1:00:09]} 21. exd4 {[%clk 0:57:54]} Qxd4+ {[%clk 1:00:25]} 22. Kh1
{[%clk 0:57:41]} Qxc3 {[%clk 0:59:03]} 23. Rad1 {[%clk 0:54:12]} e3
{[%clk 0:52:12]} 24. Qxc3 {[%clk 0:53:48]} Bxc3 {[%clk 0:51:56]} 25. Nb1
{[%clk 0:54:18]} Ba5 {[%clk 0:52:12]} 26. Be5 {[%clk 0:52:31]} Be6
{[%clk 0:51:24]} 27. a4 {[%clk 0:49:57]} f4 {[%clk 0:49:04]} 28. Na3
{[%clk 0:47:25]} Rf5 {[%clk 0:49:14]} 29. Bb2 {[%clk 0:45:44]} c5
{[%clk 0:46:17]} 30. Rd6 {[%clk 0:44:19]} Rb6 {[%clk 0:41:37]} 31. Rxb6
{[%clk 0:31:45]} Bxb6 {[%clk 0:41:57]} 32. axb5 {[%clk 0:32:13]} axb5
{[%clk 0:42:07]} 33. Bxb5 {[%clk 0:32:09]} c4 {[%clk 0:32:19]} 34. Bxc4
{[%clk 0:28:43]} Bxc4 {[%clk 0:31:38]} 35. Nxc4 {[%clk 0:29:05]} Bc5
{[%clk 0:30:41]} 36. Re1 {[%clk 0:21:51]} Rd5 {[%clk 0:29:49]} 37. g3
{[%clk 0:14:55]} g5 {[%clk 0:27:30]} 38. Kg2 {[%clk 0:07:11]} Nf5
{[%clk 0:27:03]} 39. Be5 {[%clk 0:05:42]} Nd6 {[%clk 0:24:38]} 40. Bxd6
{[%clk 0:04:38]} Bxd6 {[%clk 0:23:02]} 41. gxf4 {[%clk 0:33:36]} gxf4
{[%clk 0:53:02]} 42. Nxe3 {[%clk 0:33:56]} fxe3 {[%clk 0:53:24]} 43. Rxe3
{[%clk 0:34:21]} Rd2+ {[%clk 0:53:26]} 44. Kf1 {[%clk 0:34:18]} Rh2
{[%clk 0:53:24]} 45. f4 {[%clk 0:32:40]} Bxf4 {[%clk 0:53:13]} 46. Rf3
{[%clk 0:33:08]} Be5 {[%clk 0:52:47]} 47. Kg1 {[%clk 0:31:31]} Rc2
{[%clk 0:52:52]} 48. Kf1 {[%clk 0:31:07]} Kg6 {[%clk 0:53:08]} 49. Re3
{[%clk 0:17:24]} Kf5 {[%clk 0:52:29]} 50. Rf3+ {[%clk 0:17:17]} Ke4
{[%clk 0:52:50]} 51. Rf2 {[%clk 0:15:24]} Rc3 {[%clk 0:52:05]} 52. Re2+
{[%clk 0:15:47]} Kf5 {[%clk 0:51:59]} 53. Kf2 {[%clk 0:15:47]} Rxh3
{[%clk 0:51:59]} 54. Kg2 {[%clk 0:15:47]} Rg3+ 55. Kh1 {[%clk 0:05:03]} Ra3
{[%clk 0:52:10]} 56. Kg2 {[%clk 0:03:35]} h5 {[%clk 0:52:28]} 57. Rf2+
{[%clk 0:03:18]} Kg4 {[%clk 0:52:41]} 58. Re2 {[%clk 0:03:40]} Bf4
{[%clk 0:52:45]} 59. Re1 {[%clk 0:02:45]} Ra2+ {[%clk 0:45:13]} 60. Kg1
{[%clk 0:02:53]} Kf3 {[%clk 0:44:27]} 61. Rf1+ {[%clk 0:02:41]} Kg3
{[%clk 0:44:45]} 62. Re1 {[%clk 0:02:52]} Rg2+ {[%clk 0:44:01]} 63. Kh1
{[%clk 0:03:09]} Rh2+ {[%clk 0:44:07]} 64. Kg1 {[%clk 0:03:30]} Rh4
{[%clk 0:44:32]} 65. Re2 {[%clk 0:02:56]} Rg4 {[%clk 0:42:44]} 66. Kh1
{[%clk 0:02:40]} Bh6 {[%clk 0:41:11]} 0-1

[Event "WCO 2016"]
[Site "?"]
[Date "2016.09.11"]
[Round "9"]
[Board "12"]
[WhiteID "12201685"]
[White "Hassan Abubaker Ali"]
[BlackID "15700070"]
[Black "Fekadu Desalegn Jimma"]
[Result "1-0"]
[BlackElo "2104"]
[WhiteElo "2167"]
[LiveChessVersion "1.4.8"]

1. e4 {[%clk 1:28:37]} c5 {[%clk 1:30:46]} 2. Nc3 {[%clk 1:28:53]} d6
{[%clk 1:31:03]} 3. Bc4 {[%clk 1:29:02]} e6 {[%clk 1:30:08]} 4. Nf3
{[%clk 1:28:20]} a6 {[%clk 1:30:18]} 5. a3 {[%clk 1:25:53]} b5 {[%clk 1:30:08]}
6. Be2 {[%clk 1:25:07]} Bb7 {[%clk 1:30:18]} 7. d3 {[%clk 1:25:17]} Nf6
{[%clk 1:30:19]} 8. Bg5 {[%clk 1:25:30]} Be7 {[%clk 1:30:27]} 9. O-O
{[%clk 1:25:47]} Nbd7 {[%clk 1:30:08]} 10. Re1 {[%clk 1:25:48]} O-O
{[%clk 1:30:19]} 11. Bf1 {[%clk 1:25:35]} Qc7 {[%clk 1:30:07]} 12. Ne2
{[%clk 1:25:37]} Rfe8 {[%clk 1:29:52]} 13. Ng3 {[%clk 1:25:39]} a5
{[%clk 1:26:38]} 14. d4 {[%clk 1:24:15]} b4 {[%clk 1:21:35]} 15. Qd2
{[%clk 1:22:06]} bxa3 {[%clk 1:15:44]} 16. Rxa3 {[%clk 1:22:17]} cxd4
{[%clk 1:12:49]} 17. Nxd4 {[%clk 1:19:33]} Nc5 {[%clk 1:01:50]} 18. Bd3
{[%clk 1:13:28]} Reb8 {[%clk 0:58:47]} 19. Ra2 {[%clk 1:04:06]} Qb6
{[%clk 0:56:14]} 20. h3 {[%clk 1:01:07]} h6 {[%clk 0:47:58]} 21. Be3
{[%clk 0:59:23]} Qd8 {[%clk 0:38:36]} 22. Nb3 {[%clk 0:56:07]} Nxb3
{[%clk 0:36:28]} 23. cxb3 {[%clk 0:56:34]} d5 {[%clk 0:36:38]} 24. e5
{[%clk 0:49:06]} Bb4 {[%clk 0:34:23]} 25. Qe2 {[%clk 0:49:17]} Bxe1
{[%clk 0:29:02]} 26. exf6 {[%clk 0:49:07]} Bb4 {[%clk 0:27:15]} 27. Nh5
{[%clk 0:43:02]} g6 {[%clk 0:18:55]} 28. Bxh6 {[%clk 0:34:56]} d4
{[%clk 0:17:29]} 29. Qg4 {[%clk 0:33:02]} Kh7 {[%clk 0:13:51]} 30. Qh4
{[%clk 0:28:51]} Kg8 {[%clk 0:12:28]} 31. Qg4 {[%clk 0:22:46]} Qe8
{[%clk 0:12:37]} 32. Nf4 {[%clk 0:21:56]} Bf8 {[%clk 0:08:38]} 33. Nxg6
{[%clk 0:21:23]} Bxh6 {[%clk 0:06:00]} 34. Ne5+ {[%clk 0:20:09]} Kh8
{[%clk 0:05:23]} 35. Qh5 {[%clk 0:20:32]} Qf8 {[%clk 0:03:58]} 36. Nxf7+
{[%clk 0:20:44]} Kg8 {[%clk 0:04:14]} 37. Nxh6+ {[%clk 0:21:03]} Kh8
{[%clk 0:02:49]} 38. Nf7+ {[%clk 0:21:19]} 1-0

[Event "WCO 2016"]
[Site "?"]
[Date "2016.09.11"]
[Round "9"]
[Board "13"]
[WhiteID "13100050"]
[White "Rakotomaharo Fy Antenaina"]
[BlackID "8500037"]
[Black "Kigigha Bomo"]
[Result "0-1"]
[BlackElo "2340"]
[WhiteElo "2439"]
[LiveChessVersion "1.4.8"]

1. d4 {[%clk 1:30:55]} Nf6 {[%clk 1:30:46]} 2. c4 {[%clk 1:30:58]} e6
{[%clk 1:30:50]} 3. Nc3 {[%clk 1:31:12]} d5 {[%clk 1:30:07]} 4. cxd5
{[%clk 1:31:31]} Nxd5 {[%clk 1:30:27]} 5. Qa4+ {[%clk 1:31:49]} Nc6
{[%clk 1:24:21]} 6. Nf3 {[%clk 1:31:57]} Nb6 {[%clk 1:23:08]} 7. Qd1
{[%clk 1:32:19]} Be7 {[%clk 1:23:26]} 8. e4 {[%clk 1:31:25]} O-O {[%clk 1:23:42]}
9. Be2 {[%clk 1:30:47]} f5 {[%clk 1:19:28]} 10. O-O {[%clk 1:30:00]} fxe4
{[%clk 1:09:08]} 11. Nxe4 {[%clk 1:30:10]} Nd5 {[%clk 1:09:32]} 12. Bb5
{[%clk 1:25:00]} Bd7 {[%clk 1:07:23]} 13. Nc5 {[%clk 1:22:58]} Bxc5
{[%clk 1:04:40]} 14. dxc5 {[%clk 1:23:14]} Qe7 {[%clk 0:59:35]} 15. Ng5
{[%clk 1:21:04]} Qxc5 {[%clk 0:51:51]} 16. Qd3 {[%clk 1:20:42]} Nf6
{[%clk 0:50:28]} 17. Be3 {[%clk 1:06:37]} Qd5 {[%clk 0:49:12]} 18. Qb3
{[%clk 1:06:40]} Qxb3 {[%clk 0:45:39]} 19. axb3 {[%clk 1:07:06]} Rfe8
{[%clk 0:43:39]} 20. Rfd1 {[%clk 1:04:25]} h6 {[%clk 0:42:21]} 21. Ne4
{[%clk 1:04:33]} Nd5 {[%clk 0:32:48]} 22. Nc5 {[%clk 1:03:29]} Bc8
{[%clk 0:33:11]} 23. Bxc6 {[%clk 1:01:57]} bxc6 {[%clk 0:33:37]} 24. Bd4
{[%clk 1:01:52]} a6 {[%clk 0:30:36]} 25. Be5 {[%clk 0:44:08]} Re7
{[%clk 0:29:40]} 26. Rac1 {[%clk 0:41:36]} Rb8 {[%clk 0:29:21]} 27. Rd3
{[%clk 0:41:37]} Rb5 {[%clk 0:26:28]} 28. h3 {[%clk 0:35:48]} Rf7
{[%clk 0:24:48]} 29. Rg3 {[%clk 0:35:26]} g5 {[%clk 0:17:29]} 30. Ne4
{[%clk 0:21:29]} Rf5 {[%clk 0:14:15]} 31. Bxc7 {[%clk 0:21:41]} Nxc7
{[%clk 0:10:20]} 32. Nd6 {[%clk 0:22:03]} Bd7 {[%clk 0:10:14]} 33. Nxf5
{[%clk 0:22:06]} exf5 {[%clk 0:09:43]} 34. f4 {[%clk 0:22:06]} Nd5
{[%clk 0:08:48]} 35. Rc4 {[%clk 0:22:07]} Kf8 {[%clk 0:08:39]} 36. fxg5
{[%clk 0:18:50]} f4 {[%clk 0:09:05]} 37. Rd3 {[%clk 0:16:47]} hxg5
{[%clk 0:09:28]} 38. g3 {[%clk 0:16:06]} Kf7 {[%clk 0:07:28]} 39. Kf2
{[%clk 0:12:59]} Kf6 {[%clk 0:05:53]} 40. h4 {[%clk 0:42:52]} gxh4
{[%clk 0:35:28]} 41. gxf4 {[%clk 0:43:15]} Rb6 {[%clk 0:35:17]} 42. Kg1
{[%clk 0:39:55]} Bf5 {[%clk 0:32:44]} 43. Rd2 {[%clk 0:40:06]} h3
{[%clk 0:31:57]} 44. Rc1 {[%clk 0:32:10]} Be4 {[%clk 0:30:38]} 45. Kh2
{[%clk 0:29:12]} Bg2 {[%clk 0:27:30]} 46. Rc4 {[%clk 0:23:30]} Ne3
{[%clk 0:20:16]} 47. Rd6+ {[%clk 0:23:53]} Ke7 {[%clk 0:20:38]} 48. Rcd4
{[%clk 0:24:19]} Rxb3 {[%clk 0:19:11]} 49. Rd3 {[%clk 0:23:07]} Nf1+
{[%clk 0:19:19]} 50. Kg1 {[%clk 0:23:10]} Rxb2 {[%clk 0:19:20]} 51. Rd7+
{[%clk 0:14:41]} Kf6 {[%clk 0:16:47]} 52. R3d6+ {[%clk 0:14:31]} Kf5
{[%clk 0:17:10]} 53. Rf7+ {[%clk 0:14:55]} Kg4 {[%clk 0:17:10]} 54. Rg7+
{[%clk 0:14:29]} Kf3 {[%clk 0:17:35]} 55. Rxg2 {[%clk 0:14:29]} hxg2
{[%clk 0:17:44]} 56. Rd1 {[%clk 0:13:25]} Ne3 {[%clk 0:18:01]} 0-1